El vuelco constituyente.
Guardat en:
| Autor principal: | |
|---|---|
| Format: | Desconegut |
| Publicat: |
Santiago, Chile:
Thomson Reuters,
2022.
|
| Edició: | 1ª edición |
| Col·lecció: | Colección Proceso Constituyente.
|
| Matèries: | |
| Etiquetes: |
Afegir etiqueta
Sense etiquetes, Sigues el primer a etiquetar aquest registre!
|
MARC
| LEADER | 00000 a2200000 4500 | ||
|---|---|---|---|
| 003 | CL-VaPUC | ||
| 005 | 20231219124458.0 | ||
| 008 | 221011t2022 ||||| |||| 00| 0 eng d | ||
| 999 | |c 439131 |d 439129 | ||
| 020 | |a 978-956-400-297-2 | ||
| 040 | |c Pontificia Universidad Católica de Valparaíso | ||
| 082 | |2 22 |a 342.8303 FER 2022 | ||
| 100 | |a Fernández Baeza, Mario |e autor |9 573439 | ||
| 245 | 1 | 3 | |a El vuelco constituyente. |
| 250 | |a 1ª edición | ||
| 260 | |a Santiago, Chile: |b Thomson Reuters, |c 2022. | ||
| 300 | |a VI, 174 páginas. | ||
| 490 | |a Colección Proceso Constituyente. | ||
| 583 | |k GC |c 20221011 | ||
| 650 | 0 | |9 255169 |a Reformas constitucionales |z Chile | |
| 650 | 0 | |9 856998 |a Proceso constituyente |y 2019-2022 |z Chile | |
| 650 | 0 | |9 877727 |a Plebiscito Constitucional |y 4 septiembre 2022 |z Chile | |
| 650 | 0 | |9 605626 |a Constitución |z Chile | |
| 942 | |2 ddc |c BK | ||
| 952 | |0 0 |1 0 |2 ddc |4 0 |6 342_830300000000000_FER_2022 |7 0 |8 A |9 587194 |a BIBDER |b BIBDER |c GEN |d 2022-10-11 |e 31 |g 0.00 |i 5655120 |o 342.8303 FER 2022 |p 5655120 |r 2023-01-25 |t 1 |v 0.00 |w 2022-10-11 |y BK |k DER | ||